Southville International School and Colleges
Your cart is empty.
  • Cart
  • Lists
    Public lists Eva Luna New books Lux_list list_1
    Your lists Log in to create your own lists
  • Log in to your account
  • Your cookies
  • Search history
Southville International School and Colleges
  • Advanced search
  • Recent comments
  • Most popular
  • Libraries

Log in to your account

Log in with GOOGLE


If you do not have an external account, but do have a local account, you can still log in:

  1. Home
  2. MARC view: Legal aspects in tourism and hospitality
Normal view MARC view ISBD view

Legal aspects in tourism and hospitality (Record no. 365254)

[ view plain ]
MARC details
000 -LEADER
fixed length control field 00682nam a22002057a 4500
003 - CONTROL NUMBER IDENTIFIER
control field 0
005 - DATE AND TIME OF LATEST TRANSACTION
control field 20230904153821.0
008 - FIXED-LENGTH DATA ELEMENTS--GENERAL INFORMATION
fixed length control field 230904b xxu||||| |||| 00| 0 eng d
020 ## - INTERNATIONAL STANDARD BOOK NUMBER
International Standard Book Number 978-621-406-298-0
050 ## - LIBRARY OF CONGRESS CALL NUMBER
Classification number KF 951
Item number .C34 2022
100 ## - MAIN ENTRY--PERSONAL NAME
Personal name Cagurangan, Tranquilino R., Jr.
245 ## - TITLE STATEMENT
Title Legal aspects in tourism and hospitality
Statement of responsibility, etc Tranquilino R. Cagurangan, Jr.
260 ## - PUBLICATION, DISTRIBUTION, ETC. (IMPRINT)
Place of publication, distribution, etc Manila
Name of publisher, distributor, etc Mindshapers Co., Inc.
Date of publication, distribution, etc c2022.
300 ## - PHYSICAL DESCRIPTION
Extent xiv, 214 pages ;
Dimensions 23 cm.
500 ## - GENERAL NOTE
General note Tourism--law and legislation.
504 ## - BIBLIOGRAPHY, ETC. NOTE
Bibliography, etc Includes bibliographical references.
650 ## - SUBJECT ADDED ENTRY--TOPICAL TERM
Topical term or geographic name as entry element Tourism--law and legislation.
650 ## - SUBJECT ADDED ENTRY--TOPICAL TERM
Topical term or geographic name as entry element Hospitality--law and legislation.
942 ## - ADDED ENTRY ELEMENTS (KOHA)
Source of classification or shelving scheme Library of Congress Classification
Koha item type Books
Holdings
Withdrawn status Lost status Source of classification or shelving scheme Damaged status Home library Current library Shelving location Date acquired Source of acquisition Sub Shelving location Total Checkouts Full call number Barcode Date last seen Price effective from Koha item type
    Library of Congress Classification   College Library College Library Filipiniana Section 09/04/2023 Library Fund     KF 951 .C34 2022 C22963 09/04/2023 09/04/2023 Books

Legal aspects in tourism and hospitality

APA

Cagurangan T. R. J., . (2022). Legal aspects in tourism and hospitality. Manila: Mindshapers Co., Inc.

Chicago

Cagurangan Tranquilino R Jr, . 2022. Legal aspects in tourism and hospitality. Manila: Mindshapers Co., Inc.

Harvard

Cagurangan T. R. J., . (2022). Legal aspects in tourism and hospitality. Manila: Mindshapers Co., Inc.

MLA

Cagurangan Tranquilino R Jr, . Legal aspects in tourism and hospitality. Manila: Mindshapers Co., Inc. 2022.

  • Place hold
  • Print
  • Cite
  • Add to your cart (remove)
  • Save record
    BIBTEX Dublin Core MARCXML MARC (non-Unicode/MARC-8) MARC (Unicode/UTF-8) MARC (Unicode/UTF-8, Standard) MODS (XML) RIS
  • More searches
    Search for this title in:
    Other Libraries (WorldCat) Other Databases (Google Scholar) Online Stores (Bookfinder.com) Open Library (openlibrary.org)

Exporting to Dublin Core...

SOUTHVILLE LIBRARY

Southville International School and Colleges Library

1281 Tropical Ave. Cor. Luxembourg St., BF Homes International, Las Pinas City

Tel. No. 8256374 / 252358 Loc. 117/146

Powered by Koha